Modern practice of gas chromatography
Αποθηκεύτηκε σε:
| Άλλοι συγγραφείς: | , |
|---|---|
| Μορφή: | Βιβλίο |
| Γλώσσα: | English |
| Δημοσίευση: |
Hoboken, N.J. :
Wiley-Interscience,
c2004
|
| Έκδοση: | 4th ed. |
| Θέματα: | |
| Ετικέτες: |
Προσθήκη ετικέτας
Δεν υπάρχουν, Καταχωρήστε ετικέτα πρώτοι!
|
MARC
| LEADER | 00000nam a2200000 i 4500 | ||
|---|---|---|---|
| 001 | 1/96170 | ||
| 008 | 081029s2004 eng d | ||
| 020 | |a 0-471-22983-0 | ||
| 035 | |l 10101223 | ||
| 040 | |a GR-MY-UA |b gre |e aacr | ||
| 041 | 0 | |a eng | |
| 082 | 0 | |a 543.85 |2 (22) | |
| 245 | 1 | 0 | |a Modern practice of gas chromatography / |c edited by Robert L. Grob, Eugene F. Barry |
| 250 | |a 4th ed. | ||
| 260 | |a Hoboken, N.J. : |b Wiley-Interscience, |c c2004 | ||
| 300 | |a xi, 1045 σ.; |b εικ.; |c 25 εκ. | ||
| 504 | |a Περιέχει βιβλιογραφικές παραπομπές και ευρετήριο | ||
| 650 | 0 | 0 | |a Gas chromatography. |
| 700 | 1 | |a Grob, Robert Lee. |4 edt | |
| 700 | 1 | |a Barry, Eugene F. |4 edt | |
| 852 | |a INST |b LESVOS |e 20081029 |h 543.85 MOD |p 005100043320 |q 005100043320 |t BK |y 0 | ||
| 901 | |a BIBL1-2008-3 | ||
| 909 | |a Λ |b 144276 | ||
| 922 | |a 1ΕΛΗ |b 200801 |c ΕΠΕΑΕΚ2/ΤΕΘ |d ΠΑΠΑΣΩΤΗΡΙΟΥ | ||
| 970 | |a ΚΑΡΑ |b ΓΙΑΣΕΜΗ |z 2008/10/29 | ||